KAĞITTAN YOLCULUK HAYALET ORMANI (Record no. 728692)

MARC details
000 -LEADER
sabit uzunluktaki kontrol alanı 00259nam a2200097Ia 4500
001 - KONTROL NUMARASI
kontrol alanı 728692
005 - EN SON İŞLEMİN TARİH VE ZAMANI
kontrol alanı 20250826163513.0
008 - SABİT-UZUNLUKTA VERİ ÖĞELERİ--GENEL BİLGİ
sabit uzunluktaki kontrol alanı 250824s9999 xx 000 0 und d
245 #0 - ESER / YAZAR
ESER ADI KAĞITTAN YOLCULUK HAYALET ORMANI
Yazar Adı İSMAİL MALATYA
260 ## - YAYIN, DAĞITIM, VB.
YAYIN EVİ GİZEMLİ BAHÇE
Holdings
Düşüm durumu Kayıp durumu Hasar Durumu Ödünç verilmez Ana kütüphane Geçerli Kütüphane Edinilen tarih Toplam ödünç verme sayısı Barkod Son görüntüleme tarihi Fiyatın geçerli olmaya başladığı tarih Koha materyal türü
        MUSTAFA BÜYÜKKAPLAN İMAM HATİP ORTAOKULU (ERKEK) MUSTAFA BÜYÜKKAPLAN İMAM HATİP ORTAOKULU (ERKEK) 24.08.2025   10053956 26.08.2025 26.08.2025 Books